| 000 | 00325nam a22001337a 4500 | ||
|---|---|---|---|
| 003 | SGT | ||
| 020 | _a9788172113490 | ||
| 082 |
_a307.1412 _bKAR |
||
| 100 | _aKARMAKAR , K G | ||
| 245 |
_aRURAL DEVELOPMENT _bCONCEPT AND STRATEGIES FOR INDIA |
||
| 260 |
_aNEW DELHI _bNORTHERN BOOKS _c2015 |
||
| 300 | _a405 | ||
| 942 |
_2ddc _cBK |
||
| 999 |
_c25235 _d25235 |
||